00353 a2200109 4500001001000000005001700010008004100027245005500068100002600123700002500149773006900174ART_4967020260410161607.0260409a 10aLos estados contables en un contexto inflacionario1 aFaccendini, Yanina C.1 aOubiña, Gabriel H.0 tProfesional & Empresariag- Año XX, Nº 241 (oct. 2019)wREV70